Xây dựng hệ thống hỗ trợ tư vấn hướng nghiệp tại trường THPT Nguyễn Huệ tỉnh Quảng Nam
Nghiên cứu và xây dựng hệ chuyên gia ứng dụng trong lĩnh vực hỗ trợ tư vấn hướng nghiệp học sinh trung học phổ thông.
Zapisane w:
| 1. autor: | |
|---|---|
| Kolejni autorzy: | |
| Format: | Książka |
| Język: | Vietnamese |
| Wydane: |
Đà Nẵng
Trường Đại học sư phạm Đà Nẵng
2017
|
| Hasła przedmiotowe: | |
| Etykiety: |
Dodaj etykietę
Nie ma etykietki, Dołącz pierwszą etykiete!
|
| Thư viện lưu trữ: | Mạng thư viện Đại học Đà Nẵng |
|---|
| LEADER | 01688nam a2200349 4500 | ||
|---|---|---|---|
| 001 | 000024969 | ||
| 003 | 21460 | ||
| 005 | 20170419100431.0 | ||
| 008 | 170410s2017 viesd | ||
| 041 | |a vie | ||
| 082 | 1 | 4 | |a 006.75 |b TR-C |
| 100 | 1 | |a Trần Văn Chương | |
| 245 | 1 | |a Xây dựng hệ thống hỗ trợ tư vấn hướng nghiệp tại trường THPT Nguyễn Huệ tỉnh Quảng Nam |c Trần Văn Chương ; Võ Trung Hùng hướng dẫn. |k Luận văn Thạc sĩ | |
| 260 | |a Đà Nẵng |b Trường Đại học sư phạm Đà Nẵng |c 2017 | ||
| 300 | |a 84 tr., phụ lục 3 tr. |c 29 cm. |e Tóm tắt | ||
| 500 | |a Luận văn thạc sĩ . Chuyên ngành: Hệ thống thông tin. Mã số: 60.48.01.04 | ||
| 520 | 3 | |a Nghiên cứu và xây dựng hệ chuyên gia ứng dụng trong lĩnh vực hỗ trợ tư vấn hướng nghiệp học sinh trung học phổ thông. | |
| 650 | 0 | 4 | |a Hệ thống đa phương tiện |v Luận văn tốt nghiệp |x Hệ thống hỗ trợ tư vấn hướng nghiệp |z Quảng Nam |
| 653 | |a Hệ thống thông tin | ||
| 653 | |a Hệ thống hỗ trợ | ||
| 653 | |a Tư vấn hướng nghiệp | ||
| 700 | 1 | |a Võ Trung Hùng |c PGS.TS. |e Hướng dẫn | |
| OWN | |a LSP | ||
| AVA | |a UDN50 |b LSP |d 006.75 TR-C |e available |t Error 5001 Not defined in file expand_doc_bib_avail. |f 1 |g 0 |h N |i 0 |k 1 | ||
| 999 | |a From the UDN01 | ||
| AVA | |a UDN50 |b LSP |d 006.75 TR-C |e available |t Error 5001 Not defined in file expand_doc_bib_avail. |f 1 |g 0 |h N |i 0 |k 1 | ||
| TYP | |a Monograph | ||
| TYP | |a Printed language | ||
| 980 | |a Mạng thư viện Đại học Đà Nẵng | ||